000 00416nam a2200181Ia 4500
005 20240823045427.0
008 240823s9999||||xx |||||||||||||| ||und||
041 _aENGLISH
082 _A658.4033 N3
100 _aLucey T
245 0 _aQuantitative Tecniques
250 _a4th
260 _c1993
_b"ELBS,London"
500 _aYES
650 _aManagement
_bManagement Studies
942 _cBK
999 _c214932
_d214932